|
|
|
|
| LEADER |
00000cam a2200000 a 4500 |
| 001 |
vtls008380091 |
| 003 |
SK-MaSNL |
| 005 |
20260301102838.0 |
| 008 |
251104s1930 xo frl 000 0 hun |
| 015 |
|
|
|a SNBA19191938-005329
|
| 035 |
|
|
|a SK01SNKBIKKM20010072308
|
| 035 |
|
|
|a urn:nbn:sk:snk-am3i3ov
|
| 035 |
|
|
|a 4D023CE6-4B20-4130-ABED-76E7370C7EA7
|
| 035 |
|
|
|a urn:nbn:sk:snk-am00ditf
|
| 035 |
|
|
|a SKM000074771
|
| 040 |
|
|
|a SNK
|b slo
|c SNK
|e AACR2
|
| 041 |
0 |
|
|a hun
|
| 044 |
|
|
|a xo
|c SK
|
| 072 |
|
7 |
|a 347
|x Súkromné právo
|2 konspekt
|
| 072 |
|
7 |
|a 34
|x Právo
|2 konspekt
|
| 080 |
|
|
|a 34
|2 1981
|
| 080 |
|
|
|a 347
|2 2011
|
| 080 |
|
|
|a 347.44
|2 2001
|
| 080 |
|
|
|a (048.8)
|2 2011
|
| 245 |
1 |
0 |
|a Kötelmi jog
|n (1. köt.)
|c [összeállította] irta: Osváth Gyula
|
| 260 |
|
|
|a [Slovensko?]
|b autor vlastným nákladom
|c 1930
|e Komárno
|f Puzsér Testvérek Jókai könyvnyomdabérlete
|
| 300 |
|
|
|a 184, 174, [28] s.
|c 8°
|
| 500 |
|
|
|a 28 celostranových inzerátov
|
| 504 |
|
|
|a Bibliografické odkazy
|
| 650 |
0 |
7 |
|a právo
|2 SNKPH
|9 976
|
| 650 |
0 |
7 |
|a súkromné právo
|2 SNKPH
|9 2244
|
| 650 |
0 |
7 |
|a zmluvné právo
|2 SNKPH
|9 74561
|
| 655 |
|
7 |
|a monografie
|2 SNKPH
|9 70139
|
| 700 |
1 |
|
|a Osváth, Gyula,
|d 1887-1957
|4 com
|9 191855
|
| 852 |
|
|
|a Slovenská národná knižnica
|
| 958 |
|
|
|a EUIPO
|
| 958 |
|
|
|a OND
|
| 958 |
|
|
|a TL
|
| 958 |
|
|
|a NB
|
| 958 |
|
|
|a SP
|
| 958 |
|
|
|a HU
|
| 999 |
|
|
|c 693313
|d 695243
|
| 952 |
|
|
|a SNK
|b SNK
|y PREZ
|7 0
|p 17A0797997
|o snkSC 9022
|i snkKSK 68/57
|8 3
|0 0
|1 0
|4 0
|d 2019-08-05
|f 1
|l 0
|r 2025-07-09 00:00:00
|w 2026-02-23
|